| 000 | 00468nam a2200169 i 4500 | ||
|---|---|---|---|
| 001 | 73508 | ||
| 003 | ES-MaACL | ||
| 005 | 20230906171834.0 | ||
| 007 | t| | ||
| 008 | 040908s1958 sp ||||1| spa d | ||
| 100 | 1 |
_aGómez Hurtado, Alvaro. _957984 |
|
| 245 | 1 | 3 |
_aLa revolución en América / _cAlvaro Gómez Hurtado. |
| 250 | _a[1ª ed.]. | ||
| 260 |
_aBarcelona : _bAHR, _c[1958] ( _fCondal) |
||
| 300 |
_a285 p. ; _c21 cm. |
||
| 852 |
_aES-MaACL _jC-14040 _bR.41899 |
||
| 999 |
_c73508 _d73508 |
||